| 000 | 01211nam a2200217Ia 4500 | ||
|---|---|---|---|
| 003 | Ost | ||
| 005 | 20260507075738.0 | ||
| 008 | 260507s9999||||xx |||||||||||||| ||und|| | ||
| 040 | _cfsecg | ||
| 041 | _aara | ||
| 082 | _a658.403 | ||
| 100 |
_aمحمود، رأفت الدسوقي _eمؤلف |
||
| 245 | 0 |
_aفكرة التحول في القرارات الإدارية / _c رأفت الدسوقي محمود |
|
| 260 |
_aالاسكندرية: _bدار الفكر الجامعي, _c2004 |
||
| 300 |
_a488 صفحة؛ _c24 سم |
||
| 504 | _aببليوغرافيا:ص.463 رموز ومصطلحات ص.481 | ||
| 520 | _aالجذور التاريخية للتحول وتقنينه،التحول في إطار قواعد القانون الخاص،تمييز التحول عن النظريات المشابهة في القانون المدني،التحول في فقه القانون الإداري،عناصر تحول القرار الإداري،موقف القرار الإداري من التحول،أحكام التحول،التحول والأفكار القانونية المشابهة | ||
| 653 | _aاتخاذ القرارات | ||
| 653 | _aالقرارات الادارية | ||
| 942 | _cكتاب | ||
| 999 |
_c46110 _d46110 |
||